Fiškálna a stimulačná funkcia spotrebných daní z alkoholických nápojov diplomová práca

Gespeichert in:
Bibliographische Detailangaben
1. Verfasser: Majdanová, Simona
Körperschaft: Národohospodárska fakulta EU. Katedra financií
Weitere Verfasser: Válek, Juraj, 1981-
Format: Buch
Sprache:Slowakisch
Veröffentlicht: Bratislava 2017
Tags: Tag hinzufügen
Keine Tags, Fügen Sie das erste Tag hinzu!

MARC

LEADER 00000nbm a2200000 4500
001 0231870
005 20171127145819.0
041 0 |a slo 
044 |a SK 
245 1 0 |a Fiškálna a stimulačná funkcia spotrebných daní z alkoholických nápojov  |b diplomová práca  |c Simona Majdanová ; školiteľ: Juraj Válek 
264 1 |a Bratislava  |c 2017 
300 |a 68 s. 
100 1 |a Majdanová, Simona 
700 1 |a Válek, Juraj, 1981- 
710 2 |a Národohospodárska fakulta EU. Katedra financií